000 00294nam a22001337a 4500
008 180131b xxu||||| |||| 00| 0 eng d
020 _a0880480874
041 _aeng
080 _a159.9
100 _a48
101 _aPSI
245 _aNeruopsychiatric dementias
_cJeste,D.V
942 _2udc
_cBK
999 _c41392
_d41392